1442 1139 1343 1895 1797 1068 1077 1078 1435 1767 1078 1909 1607 1433 1165 1261 1154 1994 1906 1410 1743 1826 1497 1352 1054 1707 1809 1226 1900 1423 1918 1672 1083 1569 1555 1692 1457 1117 1420 1887 1589 1608 1209 1813 1493 1173 1920 1483 1512 1993 1029 1364 1200 1440 1953 1095 1920 1939 1537 1237 1987 1441 1257 1910 1975 1836 1585 1491 1682 1406 1257 1174 1204 1305 1864 1771 1955 1757 1135 1980 1568 1113 1014 1940 1535 1330 1848 1970 1617 1793 1818 1331 1776 1984 1755 1020 1779 1476 1739 BCNSPRNW ULIB Ver.6.0+V

เปลี่ยนเป็นภาษาไทย

Change to English
 แสดงรายละเอียดบรรณานุกรม
  กลับหน้าหลัก

Brief Record : Get Marc (ISO 2709) : E-mail record : QR code < ปิดหน้าต่าง
LEADER : 00000nam 2200000uu 4500
001    13399127942
003     ULIB
008    211115s2021||||th 000 0 tha d
020    ^a9780323636520
060 04 ^aWS270^bR823T
100 1  ^aRoss E. Petty
245 10 ^aTextbook of pediatric rheumatology /^cRoss E. Petty, Ronald M. Laxer, Carol B. Lindsley,Lucy R. Wedderburn, Elizabeth D. Mellins,Robert C Fuhlbrigge
250    ^a8th ed.
260    ^aPhiladelphia :^bElsevier,^c2021
300    ^axii, 748 p. :^bill. ;^c29 cm.
504    ^aIncludes bibliographical references
650  2 ^aArthritis^xin infancy & childhood
650  2 ^aCollagen Diseases^xin infancy & childhood
650  2 ^aRheumatic Diseases^xin infancy & childhood
700 1  ^aPetty, Ross E.
945    ^p5295^l0^i008530
999    ^aประนอม เกษจรัล
รายการนี้ยังไม่มีแท็ก
คุณยังไม่ได้ล็อกอิน คุณสามารถมีกิจกรรมร่วมกับเว็บไซต์ได้ แต่ต้องล็อกอินก่อน ::
  ล็อกอิน

รายการสื่อสารสนเทศ

ลำดับที่ ประเภท เลขเรียก/บาร์โค้ด สถานที่ สถานะ
1. วิทยาศาสตร์การแพทย์ และสุขภาพ
หนังสือสำรอง
สถานะ=หนังสือสำรอง
WS270 R823T ฉ.1 
  Barcode: 008530
ห้องสมุดวิทยาเขตสวรรค์ประชารักษ์
►หนังสือทั่วไป
บนชั้น

BibComment


ยังไม่เคยถูกคอมเมนท์

คอมเมนท์ทรัพยากรรายการนี้
  คอมเมนท์: Textbook of pedi..


 Copyright 2026. Bcnsprnw @Library